| 000 | 00706cam a22002051 4500 | ||
|---|---|---|---|
| 082 | 0 | 0 |
_a658.4032 _bJOH |
| 100 | 1 |
_aJohnson, Richard Arvid, _944628 |
|
| 245 | 1 | 4 |
_aThe theory and management of systems _c[by] Richard A. Johnson, Fremont E. Kast [and] James E. Rosenzweig. |
| 260 |
_aNew York, _bMcGraw-Hill _c[1963] |
||
| 300 |
_a350 p. _billus. _c24 cm. |
||
| 490 | 0 | _aMcGraw-Hill series in management | |
| 526 |
_a0 _b0 _c0 _d658_403200000000000_JOH |
||
| 650 | 0 | _aIndustrial management. | |
| 650 | 0 |
_aMCE _9379 |
|
| 650 | 0 |
_aOperations research. _97262 |
|
| 650 | 0 |
_aSystem analysis. _92233 |
|
| 700 | 1 |
_aKast, Fremont Ellsworth, _944629 |
|
| 700 | 1 |
_aRosenzweig, James Erwin, _944630 |
|
| 942 |
_2ddc _cBK |
||
| 999 |
_c548365 _d548365 |
||